000
00468nam a2200181Ia 4500
008
100917s9999 xx 000 0 und d
082
_b
24756
100
_a
अदवंत म. ना.
245
_a
पैंजण
260
_b
चित्रशाळा प्रकाशन
_c
1954
300
_a
238
365
_b
4
520
_a
कविता
630
_a
पैंजण
650
_a
कविता
730
_a
पैंजण
942
_c
BOOK
999
_c
630150
_d
630147